000 00467nam a2200169Ia 4500
008 240729s9999 xx 000 0 und d
022 _a2772-5669
245 0 _aJournal of Future Foods
260 _aChina
260 _bKeAi Communications Co. Ltd.
650 _a Chemical technology
650 _a Food processing and manufacture
650 _aTechnology
856 _uhttps://doaj.org/toc/4f8548e0f5b045c0a3dec9ad093e94b7
942 _2ddc
942 _cDOAJEJ
999 _c70346
_d70346
945 _a1
_bMadushi Gamage
_c1
_dMadushi Gamage